Top 15 Countries with Covid-19 Deaths - 19 June - Statistics

General Stats
  • This quiz has been taken 27 times
  • The average score is 14 of 20
Answer Stats
country % Correct
France
92%
United States
92%
Italy
88%
United Kingdom
88%
Brazil
85%
India
85%
Mexico
85%
Russia
85%
Spain
85%
Germany
81%
Canada
69%
Chile
65%
Netherlands
65%
Sweden
65%
Belgium
62%
Iran
42%
Ireland
42%
Peru
35%
Switzerland
31%
Ecuador
19%
No matching quizzes found
Score Distribution
Percent of People with Each Score
Percentile by Number Answered
Your Score History
You have not taken this quiz